01008naa#a2200181#i#4500001001600000005001700016011001400033100004100047102000700088200033600095210005800431215001000489608004500499675015900544700005200703700005600755856001500811RU\\bibl\12058220260430010719.4##a2587-6740##a20260415b2026####ek#y0rusy0150####ca##aRU1#aОценка цифровых моделей рельефа для картографического обеспечения адаптивно-ландшафтного земледелия на микрозональном уровне с использованием ГИС-технологийeЖурнальная статья1#aМоскваcЭлектронная наукаd2026##a4 с.##aЖурнальная статья2local##aДистанционное зондирование. Методы и приборы. 528.8aОтдельные системы земледелия. 631.58#1aХолодовgДенис Витальевич#1aСмирноваgЛидия Григорьевна4#aecience.ru